How to manufacture my products / (Record no. 133529)
[ view plain ]
| 000 -LEADER | |
|---|---|
| fixed length control field | 00757nam a22002417a 4500 |
| 003 - CONTROL NUMBER IDENTIFIER | |
| control field | dpl |
| 005 - DATE AND TIME OF LATEST TRANSACTION | |
| control field | 20190128162820.0 |
| 008 - FIXED-LENGTH DATA ELEMENTS--GENERAL INFORMATION | |
| fixed length control field | 180613b xxu||||| |||| 00| 0 eng d |
| 010 ## - LIBRARY OF CONGRESS CONTROL NUMBER | |
| LC control number | B-219010 |
| 020 ## - INTERNATIONAL STANDARD BOOK NUMBER | |
| Terms of availability | 95.00 |
| International Standard Book Number | 8183820204 |
| 035 ## - SYSTEM CONTROL NUMBER | |
| System control number | B-219010, B-219035,B-219017, B-219037 |
| 037 ## - SOURCE OF ACQUISITION | |
| Source of stock number/acquisition | Cen Lib/Ret |
| 040 ## - CATALOGING SOURCE | |
| Original cataloging agency | DPL |
| Language of cataloging | EN |
| Transcribing agency | 0 |
| 082 ## - DEWEY DECIMAL CLASSIFICATION NUMBER | |
| Classification number | 658.5 |
| Item number | SAM |
| 100 ## - MAIN ENTRY--PERSONAL NAME | |
| Personal name | Samuel, Philip J. |
| 9 (RLIN) | 38190 |
| 245 ## - TITLE STATEMENT | |
| Title | How to manufacture my products / |
| Statement of responsibility, etc | by Philip J. Samuel |
| 260 ## - PUBLICATION, DISTRIBUTION, ETC. (IMPRINT) | |
| Place of publication, distribution, etc | New Delhi |
| Name of publisher, distributor, etc | Lotus Press |
| Date of publication, distribution, etc | 2006 |
| 270 ## - ADDRESS | |
| Address | 4263/3, Ansari Road |
| City | New Delhi |
| Postal code | 110002 |
| 300 ## - PHYSICAL DESCRIPTION | |
| Extent | 113p. : |
| Dimensions | 19cm(pbk) |
| Other physical details | ill. |
| 650 ## - SUBJECT ADDED ENTRY--TOPICAL TERM | |
| Topical term or geographic name as entry element | Manufacture -- products |
| 9 (RLIN) | 38191 |
| 650 ## - SUBJECT ADDED ENTRY--TOPICAL TERM | |
| Topical term or geographic name as entry element | Manufacturing -- strategies |
| 9 (RLIN) | 38192 |
| 942 ## - ADDED ENTRY ELEMENTS (KOHA) | |
| Source of classification or shelving scheme | Dewey Decimal Classification |
| Koha item type | English Books |
| Classification part | 658.5 |
| Call number suffix | SAM |
| Withdrawn status | Lost status | Damaged status | Not for loan | Home library | Current library | Date acquired | Source of acquisition | Cost, normal purchase price | Total Checkouts | Full call number | Barcode | Date last seen | Date checked out | Copy number | Cost, replacement price | Price effective from | Koha item type | Source of classification or shelving scheme | Collection code |
|---|---|---|---|---|---|---|---|---|---|---|---|---|---|---|---|---|---|---|---|
| Central Library | Central Library | 27/07/2015 | Cen Lib/Ret | 95.00 | 1 | 658.5 SAM | B-219010 | 09/11/2019 | 10/10/2019 | 1 | 95.00 | 27/07/2015 | English Books | ||||||
| Sarojini Nagar | Sarojini Nagar | 10/04/2019 | 658.5 SAM | B-219021 | 10/04/2019 | 10/04/2019 | English Books | Dewey Decimal Classification | Non-fiction | ||||||||||
| Shahdara Branch | Shahdara Branch | 13/06/2018 | BPPD/PUB | 95.00 | 2 | 658.5 SAM | B-219035 | 05/05/2026 | 24/04/2026 | 95.00 | 13/06/2018 | English Books | Dewey Decimal Classification | Non-fiction | |||||
| Tri Nagar | Tri Nagar | 24/07/2018 | BPPD/pub | 95.00 | 658.5 SAM | B-219017 | 24/07/2018 | 95.00 | 24/07/2018 | English Books | Dewey Decimal Classification | Non-fiction | |||||||
| Vigyan Vihar | Vigyan Vihar | 28/01/2019 | BPPD/PUB | 95.00 | 658.5 SAM | B-219037 | 28/01/2019 | 95.00 | 28/01/2019 | English Books | Dewey Decimal Classification | Non-fiction | |||||||
| Yojana Vihar | Yojana Vihar | 13/07/2019 | BPPD/PUB | 95.00 | 658.5 SAM | B-219036 | 13/07/2019 | 95.00 | 13/07/2019 | English Books | Dewey Decimal Classification | Non-fiction |
